| Поле | Инд. | ПП | Название | Значение |
|---|---|---|---|---|
| Тип записи | a | |||
| Библиографический уровень | c | |||
| 001 | Контрольный номер | 01a1df4bd1cf48d88811d2ddbbd96fc7 | ||
| 005 | Дата корректировки | 20251124130326.4 | ||
| 040 | b | Код языка каталог. | rus | |
| e | Правила каталог. | PSBO | ||
| 041 | 0_ | a | Код языка текста | rus |
| 097 | b | Оператор | *Ст* | |
| 097 | b | Оператор | *Ир* | |
| 245 | 10 | a | Заглавие | Учебно-методический комплекс дисциплины "Аудит технологических процессов в сварочном производстве". Направление подготовки 15.03.05 Конструкторско-технологическое обеспечение машиностроительных производств. Направленность (профиль): Организация и управление в сварочном производстве |
| c | Ответственность | Кафедра "Менеджмент" | ||
| c | Ответственность | разработчик С.Ю. Осипов | ||
| b | Продолж. заглавия | ФГОС 3++ | ||
| 260 | c | Дата издания | 2025 | |
| a | Место издания | Тверь | ||
| b | Издательство | ТвГТУ | ||
| 440 | _0 | a | Серия | УМК |
| 516 | 8_ | a | Прим. о типе комп. файла/ данных | Текст : электронный |
| 535 | 1_ | a | Хранилище | Сервер |
| 655 | a | Жанр/ форма (устаревшее) | М | |
| 856 | 40 | u | URL | https://elib.tstu.tver.ru/MegaPro/GetDoc/Megapro/152676 |
| 901 | t | Тип документа | x | |
| 905 | b | Дата создания записи обработка | 24.11.25 | |
| 922 | c | Кафедра | Менеджмент | |
| 951 | d | EL-Информация? | За электронные документы, представленные в УМК, несет ответственность кафедра и разработчик УМК | |
| i | EL-ТГТУ? | Да | ||
| 952 | a | Тип литературы для КСУ ВШ | М | |
| 952 | h | НВВ-Полн.число УМКД | 4 док. | |
| 990 | f | Даты поступлений (DOS) | 26.12.23 | |
| h | N записи в КСУ для Б/У (DOS) | 72/2025э |